| 000 | 00343nam a2200133Ia 4500 | ||
|---|---|---|---|
| 008 | 240624s9999 xx 000 0 und d | ||
| 041 | _aeng | ||
| 082 | _a332.41 SAM | ||
| 100 | _aFUHRER JEFF | ||
| 245 | _aUNDERSTANDING INFLATION AND THE IMPLICAT | ||
| 260 |
_c2009 _aLondon _bThe MIT Press |
||
| 300 | _axiii, 502 p.; 23 cm. | ||
| 365 |
_c _b38 |
||
| 999 |
_c31278 _d31278 |
||